000 01254cam a22003375i 4500
999 _c18320
_d18292
003 EG-ScBUE
005 20201125063850.0
008 140626t20132013enka f 000 0 eng d
020 _a9781133318941
040 _aEG-ScBUE
_beng
_erda
_cEG-ScBUE
_dEG-ScBUE
082 0 4 _a428.24076
_bHAR
_222
100 1 _aHarrison, L.‏
_q(Louis)
_eauthor.
245 1 0 _aBridge to IELTS.
_pPre-intermediate-intermediate band 3.5 to 4.5.
_pStudent's book /
_cLouis Harrison, Susan Hutchison.
264 1 _aHampshire, United Kingdom :
_bNational Geographic Learning / Cengage Learning,
_c[2013]
264 4 _cc2013
300 _a144 pages :
_billustrations ;
_c28 cm
336 _atext
_btxt
_2rdacontent
336 _aspoken word
_bspw
_2rdacontent
337 _aunmediated
_bn
_2rdamedia
337 _aaudio
_bs
_2rdamedia
338 _avolume
_bnc
_2rdacarrier
338 _aaudio disc
_bsd
_2rdacarrier
501 _aWith: Class audio CDs.
590 _aeman
650 7 _aInternational English Language Testing System
_vStudy guides.
_2BUEsh
_936012
650 7 _aEnglish language
_xStudy and teaching
_xForeign speakers.
_2BUEsh
653 _cJune2014
_bHHUUEENN
655 _vReading book
_934232
700 1 _aHutchison, Susan,
_eauthor.
_936015
942 _2ddc
_cBB